| 000 | 00560nam a2200181 i 4500 | ||
|---|---|---|---|
| 001 | 82478 | ||
| 003 | ES-MaACL | ||
| 005 | 20230906174659.0 | ||
| 007 | t| | ||
| 008 | 041110s1971 sp ||||1| spa d | ||
| 100 | 1 |
_aIllanes Adaro, Graciela. _965187 |
|
| 245 | 1 | 3 |
_aLa novelística de Carmen Laforet / _cGraciela Illanes Adaro. |
| 260 |
_a[Madrid] : _bGredos, _c[1971] |
||
| 300 |
_a202 p. ; _c20 cm. |
||
| 600 | 1 | 7 |
_aLaforet, Carmen, _d1921-2004- _xCrítica e interpretación _2 _9161003 |
| 852 |
_aES-MaACL _jC-39171 _bR.78399 |
||
| 999 |
_c82478 _d82478 |
||